LEADER 00950nam0-22003251i-450- 001 990005785380403321 005 20150515124117.0 035 $a000578538 035 $aFED01000578538 035 $a(Aleph)000578538FED01 035 $a000578538 100 $a19990604d1967----km-y0itay50------ba 101 0 $aita 105 $ayf------00--- 200 1 $a<>rivoluzione cubana$fUmberto Melotti 210 $aMilano$cDall'Oglio$dc1967 215 $a305 p., 10 tav.$cill.$d18 cm 225 1 $a<>corvi$v162 225 1 $aLe grandi rivoluzioni del 20. secolo 610 0 $aCuba$aCondizioni economico sociali$aOrigini - Sec. 19. 676 $a972.91 676 $a303.640972 700 1$aMelotti,$bUmberto$f<1940- >$032510 801 0$aIT$bUNINA$gRICA$2UNIMARC 901 $aBK 912 $a990005785380403321 952 $a972.91 MEL 1$bDIP.DIS.ST. 2768$fFLFBC 959 $aFLFBC 996 $aRivoluzione cubana$9568853 997 $aUNINA LEADER 01512nas 22004213a 450 001 996210885303316 005 20240413021207.0 011 $a1939-165X 035 $a(OCoLC)60629800 035 $a(CKB)954928555391 035 $a(CONSER) 2007215048 035 $a(EXLCZ)99954928555391 100 $a20050614a19779999 sy a 101 0 $aeng 135 $aurun|||||| 181 $ctxt$2rdacontent 182 $cc$2rdamedia 183 $acr$2rdacarrier 200 10$aVeterinary clinical pathology /$fAmerican Society for Veterinary Clinical Pathology 210 $aSanta Barbara, CA $cVeterinary Practice Pub. Co 300 $aImprint varies: Columbia, MO, 1977- ; Santa Barbara, CA, -1997; Baton Rouge, LA : American Society for Veterinary Clinical Pathology, 1998- 300 $aRefereed/Peer-reviewed 311 $aPrint versions: Veterinary clinical pathology (DLC)sn 81000582 (OCoLC)5118950 0275-6382 606 $aVeterinary pathology$vPeriodicals 606 $aPathology, Veterinary 606 $aAnimal Diseases 606 $aClinical Laboratory Techniques$xveterinary 608 $aPeriodical. 615 0$aVeterinary pathology 615 12$aPathology, Veterinary. 615 22$aAnimal Diseases. 615 22$aClinical Laboratory Techniques$xveterinary. 676 $a636 712 02$aAmerican Society for Veterinary Clinical Pathology. 906 $aJOURNAL 912 $a996210885303316 996 $aVeterinary clinical pathology$9786877 997 $aUNISA